000
00292nam a22001337a 4500
008
170131b xxu||||| |||| 00| 0 eng d
020
_a
0721643388
041
_a
eng
080
_2
3RD
_a
61
100
_a
3
101
_a
SHMI
245
_a
OFFICE PRACTICE OF MEDICINE
_c
BRANCH
942
_2
udc
_c
BK
999
_c
4058
_d
4058